Goldsmith : (Record no. 19798)
[ view plain ]
| 000 -LEADER | |
|---|---|
| fixed length control field | 00844nam a22002652a 4500 |
| 001 - CONTROL NUMBER | |
| control field | 19798 |
| 003 - CONTROL NUMBER IDENTIFIER | |
| rucl marc code | BD-RjUL |
| 005 - DATE AND TIME OF LATEST TRANSACTION | |
| control field | 20211209000459.0 |
| 008 - FIXED-LENGTH DATA ELEMENTS--GENERAL INFORMATION | |
| fixed length control field | 140225s1963 enk b 000 1 eng d |
| 035 ## - SYSTEM CONTROL NUMBER | |
| System control number | (BD-RjUL)19859 |
| -- | OCLC ocm01231352 from D950715M |
| 040 ## - CATALOGING SOURCE | |
| Original cataloging agency | RRR |
| Transcribing agency | RRR |
| Modifying agency | OCL |
| -- | UKM |
| -- | EQO |
| -- | BD-RjUL |
| Language of cataloging | eng |
| 041 ## - LANGUAGE CODE | |
| Language code of text/sound track or separate title | eng |
| 082 00 - DEWEY DECIMAL CLASSIFICATION NUMBER | |
| Classification number | 823.6 |
| Edition number | 18 |
| Author mark and year | EMG 1963 |
| 100 1# - MAIN ENTRY--PERSONAL NAME | |
| Personal name | Emslie, MacDonald. |
| 9 (RLIN) | 60821 |
| 245 10 - TITLE STATEMENT | |
| Title | Goldsmith : |
| Remainder of title | The vicar of Wakefield / |
| Statement of responsibility, etc. | by Macdonald Emslie |
| 260 ## - PUBLICATION, DISTRIBUTION, ETC. (IMPRINT) | |
| Place of publication, distribution, etc. | London : |
| Name of publisher, distributor, etc. | Arnold, |
| Date of publication, distribution, etc. | 1963. |
| 300 ## - PHYSICAL DESCRIPTION | |
| Pagination | 78, [1] p. ; |
| Size | 19 cm. |
| 490 1# - SERIES STATEMENT | |
| Series statement | Studies in English literature ; |
| Volume/sequential designation | no. 9 |
| 504 ## - BIBLIOGRAPHY, ETC. NOTE | |
| Bibliography, etc | Bibliography: p. [79] |
| 600 10 - SUBJECT ADDED ENTRY--PERSONAL NAME | |
| Personal name | Goldsmith, Oliver, |
| Dates associated with a name | 1730?-1774. |
| 830 #0 - SERIES ADDED ENTRY--UNIFORM TITLE | |
| Volume number/sequential designation | no. 9 |
| Uniform title | Studies in English literature (London, England) ; |
| 942 ## - ADDED ENTRY ELEMENTS (KOHA) | |
| Source of classification or shelving scheme | Dewey Decimal Classification |
| Koha item type | Books |
| Lost status | Source of classification or shelving scheme | Damaged status | Not for loan | Collection code | Permanent Location | Current Location | Shelving location | Date acquired | Source of acquisition | Cost, normal purchase price | Total Checkouts | Full call number | Date last seen | Copy number | Koha item type |
|---|---|---|---|---|---|---|---|---|---|---|---|---|---|---|---|
| Dewey Decimal Classification | Not For Loan | Fiction | Central Library, University of Rajshahi | Central Library, University of Rajshahi | Reading Room | 27/11/1969 | Zeit | 10.60 | 823.6 EMG 1963 | 25/02/2014 | C-1 | Books |